000 00773nam a2200229Ii 4500
003 JO-AjNU
008 230605s9999||||xx |||||||||||||| ||und||
017 _a2000/8/2481
020 _a9957-402-101-9
040 _aJO-AjNU
_bara
_erda
_cJO-AjNU
041 _aara
050 1 4 _aHD69.P75.I22.2001
100 3 _aعبدالسلام،عبدالغفور/رياض الحلبي/حازم شحادة/محمد الجيوسي,
_eauthor
_933398
245 0 0 _aادارة المشروعات الصغيرة
250 _aط1
264 3 1 _aعمان:دار صفاء للنشر والتوزيع،2001
300 _a273ص
336 _atext
_btxt
_2rdacontent
337 _aunmediated
_bn
_2rdamedia
338 _avolume
_bnc
_2rdacarrier
650 4 _aادارة المشروع
_933399
999 _aA13589
_c17157
_d17157